Just helping my dad / (Record no. 2308)

MARC details
000 -LEADER
fixed length control field 01150cam a22003617a 4500
005 - DATE AND TIME OF LATEST TRANSACTION
control field 20250513092320.0
020 ## - INTERNATIONAL STANDARD BOOK NUMBER
International Standard Book Number 9780606230230
020 ## - INTERNATIONAL STANDARD BOOK NUMBER
International Standard Book Number 0606230238
020 ## - INTERNATIONAL STANDARD BOOK NUMBER
International Standard Book Number 9780060835644
020 ## - INTERNATIONAL STANDARD BOOK NUMBER
International Standard Book Number 0060835648
020 ## - INTERNATIONAL STANDARD BOOK NUMBER
International Standard Book Number 9780060835637
020 ## - INTERNATIONAL STANDARD BOOK NUMBER
International Standard Book Number 006083563X
040 ## - CATALOGING SOURCE
Original cataloging agency BTCTA
Language of cataloging eng
Transcribing agency BTCTA
Modifying agency MCT
-- OCO
-- BKX
-- WIM
-- ILC
-- VP@
-- UTW
-- BDX
-- DLC
050 00 - LIBRARY OF CONGRESS CALL NUMBER
Classification number PZ7.M462
Item number Juh 2011
082 04 - DEWEY DECIMAL CLASSIFICATION NUMBER
Classification number 331
Edition number 23
100 1# - MAIN ENTRY--PERSONAL NAME
Personal name Mayer, Mercer
Dates associated with a name 1943-
245 10 - TITLE STATEMENT
Title Just helping my dad /
Statement of responsibility, etc. by Mercer Mayer.
250 ## - EDITION STATEMENT
Edition statement First Edition
260 ## - PUBLICATION, DISTRIBUTION, ETC.
Place of publication, distribution, etc. New York :
Name of publisher, distributor, etc. Harper,
Date of publication, distribution, etc. 2011
300 ## - PHYSICAL DESCRIPTION
Extent 32 pages :
Other physical details Illustrations
Dimensions 23 cm
490 1# - SERIES STATEMENT
Series statement I can read! My first shared reading
500 ## - GENERAL NOTE
General note "Mercer Mayer's Little Critter" -- Cover.
500 ## - GENERAL NOTE
General note "A Big Tuna Trading Company, LLC/J.R. Sansevere book"--T.p. verso.
505 ## - FORMATTED CONTENTS NOTE
Formatted contents note F
520 ## - SUMMARY, ETC.
Summary, etc. When Little Critter helps his Dad all day long, things don't go as planned.
521 ## - TARGET AUDIENCE NOTE
Target audience note 310
Source Lexile
521 ## - TARGET AUDIENCE NOTE
Target audience note F
Source Raz-Plus
650 #1 - SUBJECT ADDED ENTRY--TOPICAL TERM
Topical term or geographic name entry element Helpfulness
Form subdivision Fiction.
650 #1 - SUBJECT ADDED ENTRY--TOPICAL TERM
Topical term or geographic name entry element Fathers and sons
Form subdivision Fiction.
906 ## - LOCAL DATA ELEMENT F, LDF (RLIN)
a 7
b cbc
c copycat
d 2
e epcn
f 20
g y-gencatlg
942 ## - ADDED ENTRY ELEMENTS (KOHA)
Source of classification or shelving scheme Dewey Decimal Classification
Koha item type Books
Suppress in OPAC No
999 ## -
-- 2308
-- 2308
Holdings
Withdrawn status Lost status Source of classification or shelving scheme Damaged status Not for loan Collection Home library Current library Shelving location Date acquired Total Checkouts Full call number Barcode Date last seen Date last checked out Price effective from Koha item type Date due Copy number
    Dewey Decimal Classification     Juvenile Fiction Footprints International School Library Network Toul Kork Campus Footprints International School Library Network Toul Kork Campus TK Primary Library Room(4th Floor), Bookcase 3&4, Shelves 17-32, Yellow Books 11/15/2023 3 MAY 331 PZ7.M462 FISTK00854 03/25/2026 12/10/2025 11/15/2023 Books    
    Dewey Decimal Classification     Juvenile Fiction Footprints International School Library Network Toul Tom Poung Campus Footprints International School Library Network Toul Tom Poung Campus TTP Primary Yellow Bookshelves 05/13/2025 1 MAY 331 PZ7.M462 2025-1289 08/14/2025 08/14/2025 05/13/2025 Books 08/28/2025 2